| 000 | 01493cam a22003494a 4500 | ||
|---|---|---|---|
| 999 |
_c23754 _d23754 |
||
| 001 | 14096510 | ||
| 003 | NUST | ||
| 005 | 20170607105455.0 | ||
| 008 | 050902s2006 enka b 001 0 eng | ||
| 010 | _a 2005025467 | ||
| 015 |
_aGBA604210 _2bnb |
||
| 016 | 7 |
_a013354557 _2Uk |
|
| 020 | _a0521858607 | ||
| 020 | _a9780521858601 | ||
| 035 | _a(OCoLC)ocm61463625 | ||
| 040 |
_aDLC _cRCMS _dBAKER _dC#P _dUKM _dDLC |
||
| 042 | _apcc | ||
| 050 | 0 | 0 |
_aTL716 _b.L43 2006 |
| 082 | 0 | 0 |
_a629.133/352 LEI _222 |
| 100 | 1 |
_aLeishman, J. Gordon. _92122 |
|
| 245 | 1 | 0 |
_aPrinciples of helicopter aerodynamics / _cJ. Gordon Leishman. |
| 250 | _a2nd ed. | ||
| 260 |
_aCambridge ; _aNew York : _bCambridge University Press, _c2006. |
||
| 300 |
_axxxvii, 826 p. : _bill. ; _c27 cm. |
||
| 440 | 0 |
_aCambridge aerospace series ; _v18 _91803 |
|
| 504 | _aIncludes bibliographical references and index. | ||
| 538 | _iShelf No 1 Row No 3 | ||
| 650 | 0 |
_aHelicopters _xAerodynamics. _92123 |
|
| 856 | 4 | 1 |
_3Table of contents _uhttp://www.loc.gov/catdir/toc/ecip0518/2005025467.html |
| 856 | 4 | 2 |
_3Publisher description _uhttp://www.loc.gov/catdir/enhancements/fy0633/2005025467-d.html |
| 856 | 4 | 2 |
_3Contributor biographical information _uhttp://www.loc.gov/catdir/enhancements/fy0733/2005025467-b.html |
| 906 |
_a7 _bcbc _corignew _d1 _eecip _f20 _gy-gencatlg |
||
| 942 |
_2ddc _cBK |
||